00958pab a2200133 454500008004000000100002600040245007500066260000900141300001600150362001000166520059600176650001800772773003400790180718b2002 xxu||||| |||| 00| 0 eng d aBanerjee-Guha, Swapna aCritical geographical praxis: globalisation and socio-spatial disorder c2002 ap.4503-509. a2 Nov aWith the academisation of radical geographical thought and its further development from radical to critical in recent years, and a growing importance of emerging critique of erstwhile social theories in various disciplines, the globalisation discourse on space-time convergence is increasingly occupying a significant position in the ongoing debates in critical geography. It, therefore, becomes important to examine the process of globalisation with a spatial dialectical perspective and bring out the facets of political economy of space though such geographical researches. - Reproduced. aGlobalization aEconomic and Political Weekly